Temps modernes - Statistiques

Statistiques générales
  • Ce quiz a été pris 18 fois
  • Le résultat moyen est 4 sur 14
Statistiques - réponses
Question Réponse % Correct
Bataille de Marignan 1515
100%
Sacre de Napoléon 1804
60%
Défaite à Waterloo 1815
60%
Victoire à Austerlitz 1805
40%
Massacre de la Saint Barthelemy 1572
33%
Règne de Louis XIV 1643-1715
27%
Edit de Nantes 1589
20%
Règne de Louis XIII 1610-1643
20%
Règne de Louis XV 1715-1774
13%
Règne de XVI 1774-1792
13%
Règne de Henri IV 1589-1610
7%
Copernic publie la théorie de l'héliocentrisme 1543
0%
Début de publication de l'encyclopédie 1751
0%
Restauration (retour à la monarchie) 1815-1848
0%
Aucun quiz correspondant
Distribution des résultats
% des personnes avec chaque résultat
Percentile par nombre de réponses
Votre historique - résultats
Vous n’avez pas pris ce quiz